000 00841nam a22002417a 4500
999 _c7545
_d7545
003 AR-CdUCM
008 190320b ||||| |||| 00| 0 spa d
040 _aMUNICIPALIDAD PROVINCIAL DEL CUSCO
_cBIBLIOTECA MUNICIPAL DEL CUSCO
082 _a508.2 /
_bJ56
100 _aJInks, John L.
_921294
245 _aHerencia Extracromosomica /
260 _aMexico :
_bHispano Americana,
_c1966.
300 _aXIII, 306 paginas ;
_bilustraciones, graficos
_c18 cm.
440 _aManuales Uteha
_n305
_921295
505 _aContenido: Herencia celular -- celulares -- continuidad genetica -- reciprocos -- segregaciones ...
650 _aCitologenética
_921296
650 _aHerencia
_99110
650 _aExtracromosonicos
_921297
650 _aCiencias naturales
_910176
700 _aSauza, Humberto
_921298
942 _2ddc
_cLIBROS
945 _arum